El arpa y la sombra /
Gespeichert in:
| 1. Verfasser: | |
|---|---|
| Format: | Buch |
| Sprache: | Spanisch |
| Veröffentlicht: |
México :
Siglo XXI,
1979, c1979
|
| Schriftenreihe: | (La Creación Literaria)
|
| Schlagworte: | |
| Tags: |
Keine Tags, Fügen Sie das erste Tag hinzu!
|
MARC
| LEADER | 00000nam^a2200000^a^4500 | ||
|---|---|---|---|
| 001 | 000366386 | ||
| 005 | 20250521000000.0 | ||
| 009 | 20260310115710.712 | ||
| 020 | |a 968-23-0382-6 | ||
| 025 | |a Donación Juan Diego Castillo, 1 ejemplar | ||
| 037 | |a Acervo ITESO - Biblioteca | ||
| 041 | |a ESP | ||
| 082 | |a 863. |b CAR | ||
| 100 | |a Carpentier, Alejo |e (autor) | ||
| 240 | 1 | 4 | |a [El arpa y la sombra] |
| 245 | 1 | 3 | |a El arpa y la sombra / |c A. Carpentier. |
| 264 | 4 | |a México : |b Siglo XXI, |c 1979, c1979 | |
| 300 | |a 204 p. | ||
| 336 | |a texto |b txt |2 rdacontenido | ||
| 337 | |a sin mediación |b n |2 rdamedio | ||
| 338 | |a volumen |b nc |2 rdasoporte | ||
| 440 | 4 | |a (La Creación Literaria) | |
| 545 | 0 | |a El cubano Alejo Carpentier (La Habana, 1904 - París, 1980), es reconocido por la gran riqueza de su lenguaje, de altos vuelos líricos, cercanos a la música. Autor de una narrativa plena de barroquismo y que bebe por igual de la cultura popular caribeña, que de fuentes clásicas, Carpentier es el creador de lo real maravilloso, expresión literaria de las visiones mágicas que perviven en numerosos grupos sociales de Latinoamérica. Fue también político y diplomático, ocupando como tal cargos destacados. Carpentier es autor, entre otros títulos, de Los pasos perdidos (1953), Guerra del tiempo (1956), El acoso (1958), El siglo de las luces (1962), El recurso del método (1974), Concierto barroco (1974) y La consagración de la primavera (1978). El Premio Internacional Alfonso Reyes (1975), el Premio Cino del Duca (1975) y el Premio Cervantes (1977), fueron algunos de los reconocimientos recibidos por el escritor. | |
| 561 | |a Ex libris manuscrito de María de la Asunción Méndez | ||
| 586 | |a Premio Miguel de Cervantes 1977 | ||
| 649 | |a XX | ||
| 650 | |a Novela Cubana | ||
| 650 | |a Literatura Cubana - |y Siglo XX | ||
| 650 | |a Literatura e Historia - |z América | ||
| 650 | |a América en la Literatura | ||
| 650 | |a América - |x Historia - |y Descubrimiento y Exploración | ||
| 650 | |a Colón, Cristóbal | ||
| 910 | |a Fondo Castillo-Martínez | ||
| 920 | |a Impresos - Libros | ||
| 930 | |a Fondos Especiales | ||
| 940 | |a Literatura | ||
| 905 | |a 127 | ||
| 901 | |a 0500319913 |b IT2 |c ESP |i FXC D |u 20250521 | ||
| 902 | |a https://opac.biblio.iteso.mx/vufind/Record/000366386 | ||